Statistiques concernant Culture Générale - Série 242

Cliquez ici pour prendre le quiz!

Statistiques générales

  • Ce quiz a été pris 189 fois
  • Le résultat moyen est 5 sur 10

Statistiques - réponses

QuestionRéponse% Correct
Dans quel art Francis Bacon, né en 1909 à Dublin, s'est-il illustré ?La peinture
86%
En France, quel homme politique a rendu l'école laïque, gratuite et obligatoire ?Jules Ferry
79%
Dans quelle région d'Italie se trouve la ville de Florence ?La Toscane
67%
A quelle chanteuse et danseuse de music-hall associe-t-on la ceinture de bananes ?Joséphine Baker
61%
Quelle invention américaine de 1937 a révolutionné la confection des bas ?Le Nylon
52%
Quel personnage biblique est le père d'Isaac et d'Ismaël ?Abraham
50%
Avec le labourage, quelle est la deuxième mamelle de la France selon le duc de Sully ?Le pâturage
44%
De quelle pièce de Molière Alceste et Célimène sont-ils les protagonistes ?Le Misanthrope
33%
Quelle animatrice de TV était surnommée "La Grande Duduche" ?Danièle Gilbert
31%
En 1986, quel titre enregistrent Serge Gainsbourg et Eddy Mitchell ?Vieille Canaille
31%

Distribution des résultats

Percentile par nombre de réponses

% des personnes avec chaque résultat

Votre développement - résultats

Vous n’avez pas pris ce quiz